<?xml version="1.0" encoding="UTF-8"?><?xml-stylesheet type="text/xsl" href="static/style.xsl"?><OAI-PMH xmlns="http://www.openarchives.org/OAI/2.0/" xmlns:xsi="http://www.w3.org/2001/XMLSchema-instance" xsi:schemaLocation="http://www.openarchives.org/OAI/2.0/ http://www.openarchives.org/OAI/2.0/OAI-PMH.xsd"><responseDate>2026-04-17T07:03:59Z</responseDate><request verb="GetRecord" identifier="oai:www.recercat.cat:2072/441592" metadataPrefix="marc">https://recercat.cat/oai/request</request><GetRecord><record><header><identifier>oai:recercat.cat:2072/441592</identifier><datestamp>2024-10-31T05:19:37Z</datestamp><setSpec>com_2072_98</setSpec><setSpec>col_2072_378192</setSpec></header><metadata><record xmlns="http://www.loc.gov/MARC21/slim" xmlns:dcterms="http://purl.org/dc/terms/" xmlns:xsi="http://www.w3.org/2001/XMLSchema-instance" xmlns:doc="http://www.lyncode.com/xoai" xsi:schemaLocation="http://www.loc.gov/MARC21/slim http://www.loc.gov/standards/marcxml/schema/MARC21slim.xsd">
   <leader>00925njm 22002777a 4500</leader>
   <datafield ind2=" " ind1=" " tag="042">
      <subfield code="a">dc</subfield>
   </datafield>
   <datafield ind2=" " ind1=" " tag="720">
      <subfield code="a">Esteve, Albert</subfield>
      <subfield code="e">author</subfield>
   </datafield>
   <datafield ind2=" " ind1=" " tag="720">
      <subfield code="a">Permanyer, Iñaki</subfield>
      <subfield code="e">author</subfield>
   </datafield>
   <datafield ind2=" " ind1=" " tag="720">
      <subfield code="a">Boertien, Diederik</subfield>
      <subfield code="e">author</subfield>
   </datafield>
   <datafield ind2=" " ind1=" " tag="720">
      <subfield code="a">Vaupel, James W.</subfield>
      <subfield code="e">author</subfield>
   </datafield>
   <datafield ind2=" " ind1=" " tag="260">
      <subfield code="c">2020</subfield>
   </datafield>
   <datafield ind2=" " ind1=" " tag="520">
      <subfield code="a">Based on harmonized census data from 81 countries, we estimate how age and coresidence patterns shape the vulnerability of countries' populations to outbreaks of coronavirus disease 2019 (COVID-19). We estimate variation in deaths arising due to a simulated random infection of 10% of the population living in private households and subsequent within-household transmission of the virus. The age structures of European and North American countries increase their vulnerability to COVID-related deaths in general. The coresidence patterns of elderly persons in Africa and parts of Asia increase these countries' vulnerability to deaths induced by within-household transmission of COVID-19. Southern European countries, which have aged populations and relatively high levels of intergenerational coresidence, are, all else equal, the most vulnerable to outbreaks of COVID-19. In a second step, we estimate to what extent avoiding primary infections for specific age groups would prevent subsequent deaths due to within-household transmission of the virus. Preventing primary infections among the elderly is the most effective in countries with small households and little intergenerational coresidence, such as France, whereas confining younger age groups can have a greater impact in countries with large and intergenerational households, such as Bangladesh.</subfield>
   </datafield>
   <datafield tag="653" ind2=" " ind1=" ">
      <subfield code="a">Demography</subfield>
   </datafield>
   <datafield tag="653" ind2=" " ind1=" ">
      <subfield code="a">Households</subfield>
   </datafield>
   <datafield tag="653" ind2=" " ind1=" ">
      <subfield code="a">COVID-19</subfield>
   </datafield>
   <datafield tag="653" ind2=" " ind1=" ">
      <subfield code="a">Aging</subfield>
   </datafield>
   <datafield tag="653" ind2=" " ind1=" ">
      <subfield code="a">Global</subfield>
   </datafield>
   <datafield ind2="0" ind1="0" tag="245">
      <subfield code="a">National age and coresidence patterns shape COVID-19 vulnerability</subfield>
   </datafield>
</record></metadata></record></GetRecord></OAI-PMH>